000 00671cam a22002413a 4500
001 19130
003 PGUSA
005 20140828083415.0
008 060827s2006||||xxu|||||s|||||000 | eng d
040 _aPGUSA
_beng
042 _adc
050 4 _aDA
100 1 _aStevens, Frank
245 1 0 _aStonehenge :
_bToday and Yesterday
_h[electronic resource] /
_cFrank Stevens
260 _bProject Gutenberg,
_c2006
506 _aPublic domain in the USA.
516 _aElectronic text
653 _aStonehenge (England)
700 1 _aSumner, Heywood,
_d1853-1940
830 0 _aProject Gutenberg
_v19130
856 4 0 _uhttp://www.gutenberg.org/ebooks/19130
942 _cEB
999 _c248385
_d248385